BUBT Library Online Catalog

Pride and prejudice / (Record no. 6558)

000 -LEADER
fixed length control field 00678nam a22002297a 4500
003 - CONTROL NUMBER IDENTIFIER
control field BUBTL
008 - FIXED-LENGTH DATA ELEMENTS--GENERAL INFORMATION
fixed length control field 211011b ||||| |||| 00| 0 eng d
020 ## - INTERNATIONAL STANDARD BOOK NUMBER
International Standard Book Number 0393976041
082 ## - DEWEY DECIMAL CLASSIFICATION NUMBER
Classification number 823.7/ Au74p/ 2001
100 ## - MAIN ENTRY--PERSONAL NAME
9 (RLIN) 4276
Personal name Austen, Jane
245 ## - TITLE STATEMENT
Title Pride and prejudice /
Statement of responsibility, etc. Jane Austen
250 ## - EDITION STATEMENT
Edition statement 1st Edn.
260 ## - PUBLICATION, DISTRIBUTION, ETC. (IMPRINT)
Place of publication, distribution, etc. New York:
Name of publisher, distributor, etc. W.W.Norton & Company,
Date of publication, distribution, etc. c2001.
300 ## - PHYSICAL DESCRIPTION
Extent viii,413 p.:
Dimensions 20 cm.
440 ## - SERIES STATEMENT/ADDED ENTRY--TITLE
9 (RLIN) 4237
Title A Norton Critical Edition.
505 ## - FORMATTED CONTENTS NOTE
Formatted contents note Pride and prejudice, Austen, Jane, Jane Austen
650 #0 - SUBJECT ADDED ENTRY--TOPICAL TERM
9 (RLIN) 1994
Topical term or geographic name as entry element English Literature
700 ## - ADDED ENTRY--PERSONAL NAME
9 (RLIN) 4277
Personal name Gray, Donald
856 ## - ELECTRONIC LOCATION AND ACCESS
Password 0
Logon 0
Link text Download
942 ## - ADDED ENTRY ELEMENTS (KOHA)
Source of classification or shelving scheme
Koha item type Books
Holdings
Withdrawn status Lost status Source of classification or shelving scheme Damaged status Not for loan Collection code Permanent location Current location Shelving location Date acquired Source of acquisition Inventory number Total Checkouts Full call number Barcode Date last seen Copy number Price effective from Koha item type Date last checked out Total Renewals
        Not For Loan Fiction Bangladesh University of Business and Technology Library Bangladesh University of Business and Technology Library English Literature Stacks 03/28/2006 Purchase 3043   823.7/ Au74p/ 2001 BUBTL-20033043 10/11/2021 C-1 10/11/2021 Books    
          Fiction Bangladesh University of Business and Technology Library Bangladesh University of Business and Technology Library English Literature Stacks 09/12/2011 Purchase 11834 10 823.7/ Au74p/ 2001 BUBTL-200311834 04/30/2024 C-2 10/11/2021 Books 04/22/2024  
          Fiction Bangladesh University of Business and Technology Library Bangladesh University of Business and Technology Library English Literature Stacks 09/12/2011 Purchase 11835   823.7/ Au74p/ 2001 BUBTL-200311835 10/11/2021 C-3 10/11/2021 Books    
          Fiction Bangladesh University of Business and Technology Library Bangladesh University of Business and Technology Library English Literature Stacks 09/12/2011 Purchase 11836 9 823.7/ Au74p/ 2001 BUBTL-200311836 05/13/2024 C-4 10/11/2021 Books 05/09/2024  
          Fiction Bangladesh University of Business and Technology Library Bangladesh University of Business and Technology Library English Literature Stacks 09/12/2011 Purchase 11837   823.7/ Au74p/ 2001 BUBTL-200311837 10/11/2021 C-5 10/11/2021 Books    
          Fiction Bangladesh University of Business and Technology Library Bangladesh University of Business and Technology Library English Literature Stacks 09/12/2011 Purchase 11838 9 823.7/ Au74p/ 2001 BUBTL-200311838 02/04/2024 C-6 10/11/2021 Books 01/25/2024 1

More Information About Library

Library Hours

  • Open: 9.00 am. to 9.00 pm.
  • Only Sunday: 9.00 am. to 6.00 pm.
  • Closed: Holiday

Contact to the University

Bangladesh University of Business and Technology Library

  • Mirpurl-2, 1216.
  • Phone:
  • Fax:
  • E-Mail: admin.library@bubt.edu.bd

Contact to the Library

Contact Person:

Md. Abdul Hakim Shah
Joint Librarian
PABX No:  113
Cell No: 01816332931
E-mail: official: admin.library@bubt.edu.bd
Personal: hakim.shah@bubt.edu.bd


BUBT Library

Copyright © 2021